000 02034cam a2200133 4500500
005 20260329023314.0
041 _afre
042 _adc
100 1 0 _aRigoulet-Roze, David
_eauthor
245 0 0 _aGéopolitique de l'Arabie saoudite
260 _bArmand Colin,
_c2005.
520 _aL’Arabie saoudite reste au cœur de la vie internationale. Elle est cet « État sans nation » qui tient par sa fortune pétrolière et la force de la dynastie au pouvoir. Mais la longue fin de règne du roi Fahd a concentré tous les dangers : la tension avec l’Iran ; l’invasion du Koweït par l’Irak ; l’émergence d’Al Qaïda, organisation hyper-terroriste islamique, anti-occidentale et d’origine arabe ; l’invasion de l’Irak par les États-Unis.Les tensions internes s’accumulent : luttes de palais, essor du fondamentalisme sunnite contestataire, irruption du terrorisme islamique à intérieur.L’allié américain est devenu imprévisible. Sa présence massive en Irak est une menace potentielle, et à tout le moins la marque d’une défiance, depuis le grand basculement du 11 septembre 2001.L’Arabie saoudite tient les clés de questions qui la dépassent : l’approvisionnement pétrolier de nos économies industrielles, la garde des lieux saints de l’islam, l’équilibre stratégique au Proche-Orient.Selon les jeux de pouvoir, au gré des circonstances et suivant l’habilité des acteurs, quel sera son avenir ? La survie de la dynastie, au prix d’une répression des salafistes ? Ou son renversement ? À moins que le pays lui-même n’implose…David Rigoulet-Roze est enseignant et chercheur, ainsi que consultant en relations internationales, sur le Moyen-Orient, et spécialement l’Arabie saoudite. Auteur d’articles géopolitiques et historiques, il a aussi publié en 2001, Un géant ensablé : forces et faiblesses de l’Arabie saoudite.
856 4 1 _uhttps://shs.cairn.info/geopolitique-de-l-arabie-saoudite--9782200268428?lang=fr&redirect-ssocas=7080
999 _c1926179
_d1926179